| 000 | 00755nam a2200205Ii 4500 | ||
|---|---|---|---|
| 003 | JO-AjNU | ||
| 008 | 230605s9999||||xx |||||||||||||| ||und|| | ||
| 017 | _a2005/6/1373 | ||
| 040 |
_aJO-AjNU _bara _erda _cJO-AjNU |
||
| 041 | _aara | ||
| 050 | 1 | 4 | _aHD37.A7.A29 2005 |
| 100 | 3 |
_aأبو نبعة، عبد العزيز مصطفى, _eauthor _957257 |
|
| 245 | 0 | 0 | _aنحو تطوير نظرية عربية في الإدارة = Arabian Management Theory |
| 264 | 3 | 1 | _aعمان: مؤسسة الوراق للنشر والتوزيع، 2005 |
| 300 | _a160ص | ||
| 336 |
_atext _btxt _2rdacontent |
||
| 337 |
_aunmediated _bn _2rdamedia |
||
| 338 |
_avolume _bnc _2rdacarrier |
||
| 650 | 4 |
_aادارة اعمال- فلسفة- البلاد العربية _957258 |
|
| 999 |
_aA25646 _c29214 _d29214 |
||